000
003020000a22001330004500
003
MACL
040
_a
MACL
090
_c
9025
_d
9024
100
_a
Gopal, S.
245
_a
Selected wosrks of Jawaharlal Nehru
_b
Vol 12
260
_b
Orient Longman
_c
1981
650
_a
Genral Collection
942
_c
BOOK
_k
080
999
_c
8970
_d
8970